| 000 | 01128cam a22002054a 4500 | ||
|---|---|---|---|
| 005 | 20250605164330.0 | ||
| 008 | 250528s ||||||||||||||||||||||||d | ||
| 035 | _a23181 | ||
| 020 | _a9780470032695 | ||
| 040 |
_aGR-AtMCL _bgre _dGR-AtMCL _eAACR2 |
||
| 245 | 1 | _aInnovation and Entrepreneurship | |
| 260 |
_bJohn Wiley & Sons, Ltd, _c2007 |
||
| 300 | _a466 | ||
| 520 | _aAn accessible introductory text written primarily for students on business and management studies. Preface, Acknowledgements, Principles, The Innovation Imperative, Organizing Innovation and Entrepreneurship, Networks and Systems, Context, Innovative Manufacturing, New Product and Service Development, Practice, Creating and Sharing Knowledge and Intellectual Property, Exploiting Discontinuous Innovation, Entrepreneurship and New Ventures, Social Entrepreneurship and Innovation, Innovation for Growth and Sustainability, Innovation and Globalization and Development, Action, Taking the Next Steps and Making it Happen, Index. | ||
| 700 | 1 |
_aBessant John _91779 |
|
| 700 | 1 |
_aTidd Joe _91781 |
|
| 942 | _cBK | ||
| 999 |
_c8211 _d8211 |
||